Yüklüyor......
Umm:a complete guide to public speaking
| Yazar: | |
|---|---|
| Materyal Türü: | Printed Book |
| Baskı/Yayın Bilgisi: |
New Delhi
Viva
2007
|
| Konular: |
| LEADER | 00508cam a2200169ua 4500 | ||
|---|---|---|---|
| 020 | |a 1-74114-954-1 | ||
| 082 | |a 808.51 |b OLO/U | ||
| 100 | 0 | |a Ologhlin, James | |
| 245 | 0 | 0 | |a Umm:a complete guide to public speaking |
| 260 | |a New Delhi |b Viva |c 2007 | ||
| 300 | |a 170p. | ||
| 500 | |a Includes index. | ||
| 650 | |a Public speaking | ||
| 650 | 0 | |a Oratory | |
| 942 | |c BK | ||
| 999 | |c 17551 |d 17551 | ||
| 952 | |0 0 |1 0 |4 0 |6 808_510000000000000_OLOU |7 0 |9 18300 |a KUCL |b KUCL |d 2014-05-23 |l 3 |o 808.51 OLO/U |p 18961 |r 2019-12-21 |s 2019-11-30 |y BK | ||